| 000 | 00553nam a22002057a 4500 | ||
|---|---|---|---|
| 003 | OSt | ||
| 005 | 20250609153859.0 | ||
| 008 | 250609b |||||||| |||| 00| 0 eng d | ||
| 020 | _a9780443141027 | ||
| 040 |
_aKABU _cKABU |
||
| 050 |
_aQD151 _b.H68 2026 |
||
| 100 | _aHouse, James E. | ||
| 245 |
_aInorganic chemistry / _cJames E. House |
||
| 250 | _a4th. ed. | ||
| 260 |
_aLondon: _bElsevier, _c2026 |
||
| 300 | _axiv, 973p. : ill. | ||
| 504 | _aIncludes Bibliographical references and index | ||
| 650 |
_aChemistry _xinorganic |
||
| 942 |
_2lcc _cBK |
||
| 999 |
_c20705 _d20704 |
||